Audit marketing d'une entreprise choisie diplomová práca

Gespeichert in:
Bibliographische Detailangaben
1. Verfasser: Bajtošová, Barbora
Körperschaft: Obchodná fakulta EU. Katedra marketingu
Weitere Verfasser: Kita, Jaroslav
Format: Buch
Sprache:Französisch
Veröffentlicht: Bratislava 2018
Tags: Tag hinzufügen
Keine Tags, Fügen Sie das erste Tag hinzu!

MARC

LEADER 00000nbm a2200000 4500
001 0243400
005 20190227142946.3
041 0 |a fre 
044 |a SK 
245 1 0 |a Audit marketing d'une entreprise choisie  |b diplomová práca  |c Barbora Bajtošová ; školiteľ: Jaroslav Kita 
264 1 |a Bratislava  |c 2018 
300 |a 63 s. 
100 1 |a Bajtošová, Barbora 
700 1 |a Kita, Jaroslav 
710 2 |a Obchodná fakulta EU. Katedra marketingu